[Event "Wildcard playoff"]
[Site "?"]
[Date "2002.05.02"]
[Round "?"]
[White "Decman, Steve"]
[Black "Augsburger, Len"]
[Result "1/2-1/2"]
[WhiteElo "1563"]
[BlackElo "1728"]
[PlyCount "87"]
[EventDate "2002.??.??"]

1. Nf3 c6 2. g3 d5 3. Bg2 Nf6 4. O-O Bf5 5. d3 e6 6. h3 Bd6 7. Nbd2 Qc7 8. Re1
Nbd7 9. e4 Bg6 10. exd5 cxd5 11. Nh4 O-O-O 12. c4 Bxd3 13. cxd5 Nxd5 14. Ne4
Bxe4 15. Rxe4 N7f6 16. Re2 Kb8 17. Qb3 Qb6 18. Qxb6 Nxb6 19. a4 Nbd5 20. a5 a6
21. Nf3 Rc8 22. Ng5 Rc7 23. Be3 h6 24. Ne4 Nxe3 25. Rxe3 Nxe4 26. Bxe4 Rhc8 27.
Rb3 f5 28. Bg2 e5 29. Rd1 Bc5 30. Rd5 Bd4 31. Rd6 Re8 32. Rxa6 e4 33. Rd6 Rc1+
34. Bf1 Rd1 35. Kg2 Rd2 36. Be2 Rxb2 37. Rxb2 Bxb2 38. Rd7 Rc8 39. a6 bxa6 40.
Bxa6 Rc2 41. Rd5 e3 42. Rxf5 Rxf2+ 43. Rxf2 exf2 44. Kxf2 1/2-1/2

[Event "Excaliburs-Chargers"]
[Site "?"]
[Date "2002.05.06"]
[Round "1.1"]
[White "Inumerable, Florin"]
[Black "Warren, Jim"]
[Result "1/2-1/2"]
[WhiteElo "2283"]
[BlackElo "2082"]
[PlyCount "57"]
[EventDate "2002.??.??"]

1. d4 Nf6 2. c4 e6 3. Nc3 Bb4 4. Qc2 c5 5. Nf3 Nc6 6. e3 d5 7. a3 Bxc3+ 8. bxc3
Ne4 9. Nd2 f5 10. cxd5 exd5 11. Nxe4 fxe4 12. dxc5 O-O 13. Bb2 Bg4 14. c4 d4
15. exd4 Nxd4 16. Qc3 e3 17. Qxd4 exf2+ 18. Kd2 Qg5+ 19. Kc2 Rad8 20. Qc3 Rfe8
21. Bc1 Qxc5 22. Bd2 Re6 23. Kb2 Rde8 24. Rc1 Be2 25. Rc2 Bd1 26. Rc1 Rb6+ 27.
Ka2 Be2 28. Bxe2 Rxe2 29. Rc2 {Both sides went into heavy time trouble. The
control was made, finding Black 2 Pawns down in a Queen ending. Black was able
to check for 40 consecutive moves to demonstrate draw.} 1/2-1/2

[Event "Chargers-Excaliburs"]
[Site "?"]
[Date "2002.05.06"]
[Round "1.2"]
[White "Marcowka, Bob"]
[Black "Friske, Tom"]
[Result "0-1"]
[WhiteElo "1992"]
[BlackElo "2018"]
[PlyCount "104"]
[EventDate "2002.??.??"]

1. e4 e6 2. Bb5 a6 3. Ba4 c5 4. c3 b5 5. Bc2 Bb7 6. Nf3 d5 7. e5 d4 8. d3 Nc6
9. O-O Nge7 10. Nbd2 Ng6 11. Re1 Qc7 12. Qe2 Rd8 13. cxd4 cxd4 14. Nb3 Be7 15.
a4 b4 16. a5 Rd5 17. Bd1 O-O 18. Bd2 Rfd8 19. Rc1 Qb8 20. Rc4 Ngxe5 21. Nxe5
Rxe5 22. Qg4 Rxe1+ 23. Bxe1 Ne5 24. Qg3 Nxc4 25. Qxb8 Rxb8 26. dxc4 e5 27. Bg4
Bc8 28. Bf3 Be6 29. Be2 Bf5 30. g4 Bc2 31. Nd2 e4 32. Bf1 g6 33. c5 f5 34. Bxa6
Ra8 35. Bc4+ Kf8 36. gxf5 gxf5 37. a6 Bxc5 38. Be6 e3 39. fxe3 dxe3 40. Nb3
Bxb3 41. Bxb3 Rxa6 42. Kf1 Kg7 43. Bc4 Ra7 44. Bg3 Kf6 45. Bf4 Rd7 46. Bg8 Rg7
47. Bd5 Rg1+ 48. Ke2 Rb1 49. b3 Rb2+ 50. Ke1 Bd4 51. Bc4 Kg6 52. Kf1 Rf2+ 0-1

[Event "Excaliburs-Chargers"]
[Site "?"]
[Date "2002.05.06"]
[Round "1.3"]
[White "Sollano, Ely"]
[Black "Dobrovolny, Chuck"]
[Result "1-0"]
[WhiteElo "1968"]
[BlackElo "1846"]
[PlyCount "31"]
[EventDate "2002.??.??"]

1. Nf3 Nf6 2. c4 g6 3. g3 Bg7 4. Bg2 O-O 5. O-O c5 6. Nc3 d5 7. cxd5 Nxd5 8.
Nxd5 Qxd5 9. d3 Nc6 10. Be3 Qd6 11. Qc1 Nd4 12. Re1 Bd7 13. Nd2 Bc6 14. Ne4 Qd5
15. Nf6+ Bxf6 16. Bxd5 1-0

[Event "Excaliburs-Chargers"]
[Site "?"]
[Date "2002.05.06"]
[Round "1.5"]
[White "Sullivan, Jim"]
[Black "Thomas, Jerry"]
[Result "1-0"]
[WhiteElo "1735"]
[BlackElo "1527"]
[PlyCount "56"]
[EventDate "2002.??.??"]

1. d4 d5 2. c4 e6 3. Nc3 Nf6 4. e3 c5 5. Nf3 Nc6 6. Bd3 dxc4 7. Bxc4 cxd4 8.
exd4 Bb4 9. O-O O-O 10. Bg5 h6 11. Bh4 g5 12. Bg3 Bxc3 13. bxc3 Ne4 14. Qc2
Nxg3 15. hxg3 Qc7 16. Bd3 f5 17. Rfe1 Rf6 18. d5 exd5 19. Re8+ Rf8 20. Rxf8+
Kxf8 21. Bxf5 Bxf5 22. Qxf5+ Qf7 23. Qg4 Re8 24. Rd1 a6 25. Nd4 Nxd4 26. Qxd4
Qg7 27. Qxd5 Qxc3 28. Qf5+ Ke7 1-0

[Event "Chargers-Excaliburs"]
[Site "?"]
[Date "2002.05.06"]
[Round "1.6"]
[White "LaForge, Wayne"]
[Black "Weitz, Ron"]
[Result "1-0"]
[WhiteElo "1392"]
[BlackElo "1640"]
[PlyCount "91"]
[EventDate "2002.??.??"]

1. c4 g6 2. g3 Nf6 3. Bg2 Nc6 4. Nc3 Bg7 5. a3 e5 6. e4 O-O 7. Nge2 d6 8. O-O
Be6 9. Nd5 Qd7 10. d3 Ne7 11. Be3 Nexd5 12. cxd5 Bh3 13. Qd2 Bxg2 14. Kxg2 Rfe8
15. b4 c6 16. dxc6 bxc6 17. Nc3 d5 18. Bg5 dxe4 19. Bxf6 Bxf6 20. Nxe4 Bg7 21.
Rac1 Qd5 22. Rc5 Qd4 23. Rxc6 Kh8 24. Rd6 Rad8 25. Rxd4 exd4 26. Re1 Rd5 27.
Qc2 Rde5 28. Nd6 Rxe1 29. Nxe8 Rxe8 30. Qc7 Kg8 31. Qxa7 h5 32. b5 h4 33. a4
hxg3 34. hxg3 Bh6 35. Qxd4 g5 36. a5 Bg7 37. Qc4 g4 38. a6 Re6 39. Qc8+ Kh7 40.
Qxe6 fxe6 41. a7 e5 42. a8=Q e4 43. Qxe4+ Kh8 44. Qxg4 Kh7 45. Qxg7+ Kxg7 46.
b6 1-0

[Event "Excaliburs"]
[Site "?"]
[Date "2002.05.06"]
[Round "1.7"]
[White "Suerth, Frank"]
[Black "Brotsos, Jim"]
[Result "1-0"]
[WhiteElo "1508"]
[BlackElo "1523"]
[PlyCount "63"]
[EventDate "2002.??.??"]

1. e4 c5 2. Nf3 d6 3. d4 cxd4 4. Nxd4 Nf6 5. Nc3 g6 6. b3 Bg7 7. Bb2 O-O 8. Qd2
a6 9. h3 Nc6 10. O-O-O Bd7 11. g4 Nxd4 12. Qxd4 Nxg4 13. Qxg7+ Kxg7 14. hxg4
Bxg4 15. Re1 f6 16. Bc4 Rc8 17. Reg1 b5 18. Bd3 h5 19. Rg3 Qb6 20. Nd1 Bxd1 21.
Rxd1 Qxf2 22. Rdg1 Rg8 23. R3g2 Qe3+ 24. Kb1 e5 25. Bc1 Qc5 26. Rh1 Kf7 27. Rf1
Ke6 28. Rgf2 Rcf8 29. Bh6 Rf7 30. Bg5 fxg5 31. Rxf7 g4 32. R1f6# 1-0

[Event "Aces-Tyros"]
[Site "?"]
[Date "2002.05.07"]
[Round "1.2"]
[White "Gazmen, Burt"]
[Black "Diaz, Pablo"]
[Result "1-0"]
[WhiteElo "2054"]
[BlackElo "1983"]
[PlyCount "99"]
[EventDate "2002.??.??"]

1. e4 c5 2. Nf3 d6 3. c3 Nf6 4. Be2 e6 5. O-O Be7 6. Re1 O-O 7. d3 b6 8. Bg5
Bb7 9. Nbd2 Nbd7 10. h3 Qc7 11. Rc1 d5 12. Bf1 dxe4 13. dxe4 Rad8 14. Qc2 e5
15. Bc4 Bc6 16. a4 Qb7 17. Bh4 a6 18. Bg3 Bd6 19. Nh4 g6 20. Qd3 Nb8 21. Qe3 b5
22. axb5 axb5 23. Ba2 Qe7 24. Qh6 Kh8 25. Nhf3 Ng8 26. Qe3 f6 27. Ra1 Nd7 28.
Bxg8 Kxg8 29. c4 Nb6 30. Ra6 Rb8 31. cxb5 Kg7 32. Rea1 Bxb5 33. Ra7 Rb7 34.
Rxb7 Qxb7 35. Qb3 Bd7 36. Ra2 Rb8 37. Qd3 Bc7 38. b3 Be8 39. Qc3 Nd7 40. Ne1
Bf7 41. Ra3 Bd8 42. Nd3 Be7 43. Nc4 Bxc4 44. Qxc4 Nf8 45. Nxe5 Bd6 46. Nc6 Bxg3
47. fxg3 Rc8 48. Ra7 Qxa7 49. Nxa7 Rc7 50. Nb5 1-0

[Event "Tyros-Aces"]
[Site "?"]
[Date "2002.05.07"]
[Round "1.3"]
[White "Guio, J."]
[Black "Santiago, Teddy"]
[Result "0-1"]
[WhiteElo "1913"]
[BlackElo "2033"]
[PlyCount "64"]
[EventDate "2002.??.??"]

1. e4 b6 2. Bc4 e6 3. d4 d5 4. exd5 exd5 5. Bd3 Nf6 6. Bg5 h6 7. Bh4 Be7 8. c3
Be6 9. Nf3 c6 10. Ne5 b5 11. a4 Qa5 12. O-O b4 13. Qb3 a6 14. Re1 c5 15. cxb4
cxb4 16. Nd2 Qb6 17. a5 Qb7 18. Ng6 Rg8 19. Rac1 Nbd7 20. f4 fxg6 21. Rxe6 Nf8
22. Rec6 Qd7 23. Qc2 Qg4 24. Nf3 Qxf4 25. Rc8+ Kf7 26. Ne5+ Ke6 27. Qc6+ Bd6
28. Rxa8 Qxh4 29. Rxa6 Qxd4+ 30. Kh1 Qh4 31. Qc8+ N6d7 32. Nxd7 Qxh2# 0-1

[Event "Tyros-Aces"]
[Site "?"]
[Date "2002.05.07"]
[Round "1.5"]
[White "Buchner, Bob"]
[Black "Czerniecki, K."]
[Result "0-1"]
[WhiteElo "1736"]
[BlackElo "1948"]
[PlyCount "52"]
[EventDate "2002.??.??"]

1. e4 g6 2. d4 d6 3. Nc3 Bg7 4. f4 Nf6 5. Nf3 O-O 6. Bd3 Nbd7 7. e5 Ne8 8. Ne4
c5 9. c3 Qb6 10. Neg5 Nc7 11. h4 h5 12. e6 Nxe6 13. Nxe6 fxe6 14. Bxg6 Nf6 15.
Ng5 cxd4 16. cxd4 e5 17. dxe5 dxe5 18. f5 Ng4 19. Qd5+ e6 20. fxe6 Qf2+ 21. Kd1
Nf6 22. Qd6 Qxg2 23. Re1 Qg4+ 24. Re2 Ne8 25. Qe7 b6 26. Bxe8 26... Ba6 {
White flagged} 0-1

[Event "Aces-Tyros"]
[Site "?"]
[Date "2002.05.07"]
[Round "1.6"]
[White "Frank, M."]
[Black "Hahne, D."]
[Result "0-1"]
[WhiteElo "1756"]
[BlackElo "1646"]
[PlyCount "136"]
[EventDate "2002.??.??"]

1. e4 c6 2. d4 d5 3. Nc3 dxe4 4. Nxe4 Bf5 5. Ng3 Bg6 6. Nf3 e6 7. Bd3 Bxd3 8.
Qxd3 Nf6 9. O-O Nbd7 10. Re1 Qc7 11. c4 Bd6 12. Nf5 O-O 13. Nxd6 Qxd6 14. Ne5
Nxe5 15. Rxe5 Rad8 16. Be3 Qxe5 17. dxe5 Rxd3 18. exf6 gxf6 19. Bxa7 Ra8 20.
Be3 Rxa2 21. Rc1 Rxb2 22. g3 Rdb3 23. Kf1 Rb1 24. Rxb1 Rxb1+ 25. Ke2 b5 26. Kd3
Rb4 27. cxb5 cxb5 28. Bc5 Rc4 29. Be7 f5 30. Bf6 Kf8 31. h3 Ke8 32. f3 Kd7 33.
Be5 Kc6 34. g4 fxg4 35. fxg4 Kd5 36. Bf6 Rf4 37. Bb2 Rf3+ 38. Ke2 Rxh3 39. Bf6
Kc4 40. g5 Kb3 41. Kd2 h5 42. Kd1 Rh2 43. Be5 Rg2 44. Bf6 b4 45. Be7 Ka3 46.
Ke1 Kb3 47. Bf6 Kc2 48. Kf1 Rd2 49. Ke1 b3 50. Bg7 Rh2 51. Be5 Rh1+ 52. Kf2 b2
53. Bxb2 Kxb2 54. Kf3 h4 55. Kg2 Rd1 56. Kh3 Rd4 57. Kg2 Kc2 58. Kf3 Kd3 59.
Kg2 Ke2 60. Kh2 Kf3 61. Kh3 e5 62. Kh2 e4 63. Kg1 e3 64. Kh2 e2 65. g6 fxg6 66.
Kh3 e1=Q 67. Kh2 Qg3+ 68. Kh1 Qg2# 0-1

[Event "Tyros-Aces"]
[Site "?"]
[Date "2002.05.07"]
[Round "1.7"]
[White "Smith, Brian"]
[Black "Franek, Marty"]
[Result "1/2-1/2"]
[WhiteElo "1632"]
[BlackElo "1723"]
[PlyCount "53"]
[EventDate "2002.??.??"]

1. b3 Nf6 2. Bb2 d5 3. e3 g6 4. c4 Bg7 5. cxd5 O-O 6. Nf3 Nxd5 7. Bxg7 Kxg7 8.
Qc2 c6 9. Nc3 Kg8 10. Nxd5 cxd5 11. Be2 Nc6 12. Qb2 Qd6 13. d4 Bf5 14. O-O Rac8
15. Rfc1 Rc7 16. Rc3 Rfc8 17. Rac1 Nb4 18. Rxc7 Rxc7 19. Rxc7 Qxc7 20. a3 Qc2
21. Qxc2 Nxc2 22. a4 Na1 23. Bd1 a5 24. Ne1 Bb1 25. Nf3 Nc2 26. Nd2 Na3 27.
Nxb1 1/2-1/2

[Event "Wolverines-UOP"]
[Site "?"]
[Date "2002.04.30"]
[Round "1.1"]
[White "Volynskiy, G."]
[Black "Stevanovic, Mike"]
[Result "1-0"]
[WhiteElo "2547"]
[BlackElo "2246"]
[PlyCount "93"]
[EventDate "2002.??.??"]

1. Nf3 d6 2. e4 Nf6 3. d3 Bg4 4. Be2 e6 5. O-O Be7 6. Nbd2 O-O 7. c3 d5 8. Re1
dxe4 9. dxe4 Nc6 10. Qc2 a5 11. a4 Bh5 12. Bb5 Na7 13. Bd3 h6 14. Ne5 Nd7 15.
Ndc4 Nxe5 16. Nxe5 Bf6 17. Nc4 Nc6 18. e5 Bg5 19. f4 Bh4 20. Re3 Be7 21. Re1
Bc5+ 22. Be3 Bxe3+ 23. Nxe3 Qe8 24. Be4 Bg6 25. Bxg6 fxg6 26. Qe4 b6 27. Qc4
Rc8 28. Rad1 Nd8 29. Rd2 Nc6 30. Red1 Nb8 31. g3 Qe7 32. b4 Kh8 33. bxa5 bxa5
34. Qb5 g5 35. Ng2 gxf4 36. Nxf4 Qg5 37. Rf2 Qg4 38. Rdf1 Kg8 39. Qxa5 g5 40.
Ne2 Rxf2 41. Rxf2 Rd8 42. Nd4 Qd1+ 43. Rf1 Qd2 44. Qxc7 Qe3+ 45. Kg2 Qe4+ 46.
Kh3 g4+ 47. Kh4 1-0

[Event "UOP-Wolverines"]
[Site "?"]
[Date "2002.04.30"]
[Round "1.2"]
[White "Buerger, Ed"]
[Black "Jasaitis, Tony"]
[Result "0-1"]
[WhiteElo "2036"]
[BlackElo "2131"]
[PlyCount "76"]
[EventDate "2002.??.??"]

1. d4 f5 2. c4 Nf6 3. Nc3 d6 4. g3 g6 5. Bg2 Bg7 6. e4 fxe4 7. Nxe4 Nxe4 8.
Bxe4 Nc6 9. d5 Ne5 10. f4 Nf7 11. Qc2 O-O 12. Nf3 Bh3 13. Be3 Qd7 14. O-O-O c5
15. dxc6 bxc6 16. Nh4 Nh6 17. Bd4 Nf5 18. Bxg7 Kxg7 19. Nxf5+ Bxf5 20. Rhe1
Bxe4 21. Rxe4 Rf7 22. Rde1 Rh8 23. Re6 Kg8 24. Qe4 Qc7 25. g4 Qb6 26. b3 Qa5
27. Re2 Qc3+ 28. Rc2 Qa1+ 29. Kd2 Qg1 30. Qxc6 Qxg4 31. Qc7 Qxe6 32. Qxa7 Rxf4
33. Qe3 Qf6 34. Ke2 Qh4 35. Kd3 e5 36. a4 Qg4 37. Rf2 Rd4+ 38. Kc2 Qd1+ 0-1

[Event "UOP-Wolverines"]
[Site "?"]
[Date "2002.04.30"]
[Round "1.4"]
[White "Sacks, Dave"]
[Black "Sagalovsky, L."]
[Result "1-0"]
[WhiteElo "1824"]
[BlackElo "1985"]
[PlyCount "111"]
[EventDate "2002.??.??"]

1. Nf3 d5 2. c4 c6 3. b3 Bf5 4. Bb2 Nf6 5. d3 e6 6. Nbd2 h6 7. g3 Nbd7 8. Bg2
Bc5 9. O-O O-O 10. d4 Be7 11. Ne5 Nxe5 12. dxe5 Nd7 13. e4 dxe4 14. Nxe4 Qc7
15. f4 Rad8 16. Qc1 Nc5 17. Nxc5 Bxc5+ 18. Kh1 Qb6 19. Ba3 Be3 20. Qe1 Rfe8 21.
Bd6 Bd4 22. Rd1 Bc2 23. Rc1 Bd3 24. Rf3 Bf5 25. c5 Qa6 26. a4 Bg4 27. Rf1 Qd3
28. Qb4 Be2 29. Rfe1 Bf3 30. Qc4 Qxc4 31. Rxc4 Bf2 32. Rf1 Bxg2+ 33. Kxg2 Be3
34. Rd1 b6 35. b4 bxc5 36. bxc5 Rb8 37. Bxb8 Rxb8 38. Kf3 Rb3 39. Ke2 g5 40.
Rd3 Rxd3 41. Kxd3 gxf4 42. gxf4 Bf2 43. Rc2 Be1 44. Rb2 Ba5 45. Rb8+ Kg7 46.
Rc8 Bb4 47. Rxc6 a5 48. Rc8 f6 49. exf6+ Kxf6 50. Ke4 Ke7 51. c6 Kd6 52. Rh8
Kxc6 53. Rxh6 Kd6 54. f5 Bd2 55. Rxe6+ Kd7 56. h4 1-0

[Event "Wolverine-UOP"]
[Site "?"]
[Date "2002.04.30"]
[Round "1.5"]
[White "Kratka, Milan"]
[Black "Lechnick, Jay"]
[Result "1-0"]
[WhiteElo "1640"]
[BlackElo "1764"]
[PlyCount "159"]
[EventDate "2002.??.??"]

1. e4 e6 2. Nf3 d5 3. e5 c5 4. d4 cxd4 5. Nxd4 Nc6 6. Bb5 Bd7 7. Nxc6 Bxc6 8.
Bxc6+ bxc6 9. O-O Ne7 10. Bg5 Qb6 11. b3 Ng6 12. Be3 Bc5 13. Bxc5 Qxc5 14. Re1
O-O 15. Nd2 Rfd8 16. Rc1 Qa3 17. Ra1 Rab8 18. g3 Qe7 19. f4 h6 20. Nf3 Qc5+ 21.
Kg2 Qb6 22. Qd4 c5 23. Qd2 Qc6 24. Qe2 Ne7 25. c4 d4 26. g4 Ng6 27. Kg3 Rf8 28.
h4 Ne7 29. h5 Qc7 30. Nh4 Rb6 31. Rf1 Rd8 32. Qd3 Nc6 33. Kh3 Nb4 34. Qg3 Nc2
35. Rac1 Ne3 36. Rg1 Qe7 37. g5 hxg5 38. Qxg5 Qxg5 39. Rxg5 Kh7 40. Rcg1 Rg8
41. f5 exf5 42. Nxf5 Nxf5 43. Rxf5 Re6 44. Kh4 Re7 45. e6 fxe6 46. Rxc5 e5 47.
Rd5 g6 48. Rg5 gxh5 49. Rxh5+ Kg7 50. Kg4 Kf6+ 51. Kf3 Rg1 52. Rd6+ Kg7 53. Ke4
Re1+ 54. Kd3 e4+ 55. Kxd4 e3 56. Rg5+ Kf7 57. Rh6 Rd1+ 58. Kc3 e2 59. Rh7+ Kf6
60. Rxe7 Kxe7 61. Re5+ Kd6 62. Rxe2 Rh1 63. Kb4 Rh5 64. Re8 Kc7 65. Re7+ Kb6
66. Rd7 Rh4 67. Rd6+ Kc7 68. Ra6 Kb7 69. Kb5 Rh5+ 70. c5 Rxc5+ 71. Kxc5 Kxa6
72. Kc6 Ka5 73. Kc5 a6 74. Kc4 Kb6 75. Kb4 a5+ 76. Kc4 Kc6 77. a4 Kb6 78. Kd5
Kb7 79. Kc5 Ka6 80. Kc6 1-0

[Event "UOP-Wolverines"]
[Site "?"]
[Date "2002.04.30"]
[Round "1.6"]
[White "Sajbel, Pat"]
[Black "Lansing, John"]
[Result "1-0"]
[WhiteElo "1815"]
[BlackElo "1503"]
[PlyCount "81"]
[EventDate "2002.??.??"]

1. c4 Nf6 2. Nc3 c5 3. g3 g6 4. Bg2 d6 5. d3 Bg7 6. e4 Nc6 7. Nge2 O-O 8. h4
Ne5 9. Nf4 Bd7 10. h5 Bg4 11. f3 Bxh5 12. Nxh5 Nxh5 13. g4 Nf6 14. Bh6 Qd7 15.
Qd2 Bxh6 16. Rxh6 Nfxg4 17. Rh4 Nf6 18. O-O-O h5 19. Qg5 Nh7 20. Qg3 Nf6 21.
Nd5 Rfb8 22. Nxf6+ exf6 23. Rxh5 Kf8 24. Rh7 b5 25. f4 Nc6 26. f5 Nd4 27. Qh4
g5 28. Qh6+ Ke7 29. Qg7 Rf8 30. Rh6 bxc4 31. Qxf6+ Ke8 32. dxc4 Qa4 33. Rxd4
cxd4 34. Qxd4 Rc8 35. Bf1 Qxa2 36. Rxd6 Qa1+ 37. Kc2 Qa4+ 38. Kb1 Qa5 39. Be2
Qe1+ 40. Bd1 Qg3 41. Ba4+ 1-0

[Event "Knights-Fermilab"]
[Site "?"]
[Date "2002.05.15"]
[Round "1.1"]
[White "Fridman, Yuri"]
[Black "Bezzubov, V."]
[Result "1/2-1/2"]
[WhiteElo "2081"]
[BlackElo "2242"]
[PlyCount "126"]
[EventDate "2002.??.??"]

1. e4 e5 2. Nf3 Nc6 3. Bb5 a6 4. Ba4 Nf6 5. O-O Be7 6. Re1 b5 7. Bb3 d6 8. c3
O-O 9. d4 Bg4 10. d5 Na5 11. Bc2 c5 12. dxc6 Qc7 13. h3 Bh5 14. Nbd2 Qxc6 15.
Nf1 Rfd8 16. Ng3 Bg6 17. Nh4 Rac8 18. a3 Nb7 19. Nhf5 Bf8 20. Bg5 Nc5 21. Bxf6
gxf6 22. Qg4 Kh8 23. Rad1 d5 24. exd5 Rxd5 25. Rxd5 Qxd5 26. Ne7 Qd2 27. Qxc8
Qxe1+ 28. Kh2 Ne6 29. Bb3 Kg7 30. Ngf5+ Bxf5 31. Nxf5+ Kg6 32. Nh4+ Kg7 33.
Nf5+ Kg6 34. Nh4+ Kg7 35. Bxe6 fxe6 36. Qd7+ Kh6 37. Qf7 Bg7 38. Qxe6 Qxf2 39.
Qg4 Qf4+ 40. Qxf4+ exf4 41. Nf5+ Kg6 42. Nxg7 Kxg7 43. Kg1 Kg6 44. Kf2 Kf5 45.
Kf3 a5 46. b3 a4 47. bxa4 bxa4 48. h4 Ke5 49. Kg4 Kd5 50. Kh5 Kc4 51. Kh6 Kb3
52. c4 Kxc4 53. Kxh7 Kb3 54. Kg6 Kxa3 55. h5 Kb3 56. h6 a3 57. h7 a2 58. h8=Q
a1=Q 59. Qb8+ Kc2 60. Qxf4 Qa8 61. g4 Qg8+ 62. Kxf6 Qf8+ 63. Kg5 Qg7+ 1/2-1/2

[Event "Fermilab-Knights"]
[Site "?"]
[Date "2002.05.15"]
[Round "1.2"]
[White "Speigel, Lenny"]
[Black "Thomson, Jim"]
[Result "0-1"]
[WhiteElo "2014"]
[BlackElo "1935"]
[PlyCount "65"]
[EventDate "2002.??.??"]

1. e4 c5 2. Nf3 d6 3. d4 cxd4 4. Nxd4 Nf6 5. Nc3 a6 6. f4 e5 7. Nf3 Nbd7 8. a4
Be7 9. Bd3 O-O 10. O-O Nc5 11. Kh1 Qc7 12. Qe1 b6 13. f5 Bb7 14. Bg5 Rfe8 15.
Rc1 Rad8 16. b4 Ncxe4 17. Nxe4 Nxe4 18. Bxe7 Qxe7 19. Bxe4 d5 20. Bd3 e4 21.
Be2 exf3 22. Bxf3 d4 23. Qxe7 Rxe7 24. Bxb7 Rxb7 25. Rce1 Rc7 26. Rf2 Rc4 27.
Rb1 Rdc8 28. h3 (28. Rd2 Rxc2 29. Rxd4 29... Rc1+ { } 30. Rd1 Rxd1+ 31. Rxd1
Kf8 (31... Rc4 $4 32. Rd8#) 32. h3 { } 32... Rc4 33. Rb1 Rf4 34. g4) (28. Rb2
d3) 28... Rxc2 29. Rxc2 Rxc2 30. Rd1 Rc4 31. b5 a5 32. Ra1 Kf8 33. Kg1 {
White flagged} 0-1

[Event "Fermilab-Knights"]
[Site "?"]
[Date "2002.05.15"]
[Round "1.4"]
[White "Gaines, Irwin"]
[Black "Augsburger, Len"]
[Result "1/2-1/2"]
[WhiteElo "1776"]
[BlackElo "1732"]
[PlyCount "128"]
[EventDate "2002.??.??"]

1. d4 e6 2. c4 d5 3. Nc3 Nf6 4. Bg5 Be7 5. e3 O-O 6. Nf3 b6 7. cxd5 Nxd5 8.
Nxd5 exd5 9. Bxe7 Qxe7 10. Bd3 Qb4+ 11. Qd2 Qxd2+ 12. Kxd2 c5 13. dxc5 bxc5 14.
b3 Ba6 15. Rac1 Bxd3 16. Kxd3 Nd7 17. Rhd1 Rfc8 18. Ke2 Nb6 19. Ne5 Rab8 20.
Rd2 d4 21. exd4 Re8 22. Kd1 cxd4 23. Nc6 Rb7 24. Rxd4 g6 25. Rd2 Rc7 26. Nd4
Rce7 27. Re2 Kg7 28. Rxe7 Rxe7 29. Rc2 h5 30. Nb5 Nd5 31. a3 h4 32. Rd2 Nf4 33.
g3 hxg3 34. hxg3 Ne6 35. Nd4 Ng5 36. b4 Ne4 37. Rc2 Rd7 38. Ke2 Nxf2 39. Kxf2
Rxd4 40. Ke3 Rd7 41. Rc6 Kf8 42. b5 Ke7 43. a4 Rb7 44. g4 f6 45. g5 fxg5 46.
Rxg6 Rd7 47. Rxg5 Kd8 48. Rc5 Rd1 49. Rc4 Kd7 50. Rd4+ Rxd4 51. Kxd4 Kc7 52.
Kd5 Kd7 53. Ke5 Kc7 54. Ke6 Kc8 (54... Kb6 55. Kd6 Ka5 56. Kc6 56... Kxa4 $11)
55. Kd6 Kb7 56. Kd7 Kb8 57. Kc6 Kc8 58. b6 Kb8 (58... axb6 59. Kxb6 59... Kb8
$11) 59. Kb5 Kb7 60. Kc5 Kc8 61. Kc6 Kb8 62. Kc5 Kc8 63. Kd5 Kb7 64. Kc5 Kb8
1/2-1/2

[Event "Fermilab-Knights"]
[Site "?"]
[Date "2002.05.15"]
[Round "1.6"]
[White "Staples, Carl"]
[Black "Alfonso, Ed"]
[Result "1-0"]
[WhiteElo "1606"]
[BlackElo "1595"]
[PlyCount "43"]
[EventDate "2002.??.??"]

1. c4 c6 2. g3 d5 3. Bg2 Nf6 4. d4 Bf5 5. Nc3 e6 6. Nf3 Ne4 7. O-O Nxc3 8. bxc3
Be4 9. Qb3 Qc7 10. Bf4 Qc8 11. Nd2 Bxg2 12. Kxg2 Nd7 13. cxd5 exd5 14. e4 Nb6
15. Rfe1 Be7 16. exd5 Nxd5 17. Bd6 b5 18. Qa3 Qd7 19. Rxe7+ Nxe7 20. Re1 O-O-O
21. Rxe7 Qxd6 22. Qa6+ 1-0

[Event "Fermilab-Knights"]
[Site "?"]
[Date "2002.05.15"]
[Round "1.7"]
[White "Schultz, Bob"]
[Black "Marshall, Kevin"]
[Result "1-0"]
[WhiteElo "1241"]
[BlackElo "1396"]
[PlyCount "150"]
[EventDate "2002.??.??"]

1. e4 e6 2. d4 d5 3. Nc3 Nf6 4. Bg5 Be7 5. e5 Nfd7 6. Bxe7 Qxe7 7. f4 a6 8. Nf3
c5 9. Bd3 Nc6 10. dxc5 Qxc5 11. Qe2 Nd4 12. Nxd4 Qxd4 13. g3 O-O 14. O-O-O Qc5
15. Qh5 f5 16. Qf3 Nb6 17. h4 Nc4 18. Bxc4 Qxc4 19. Kb1 Bd7 20. Ne2 Rac8 21. c3
Qe4+ 22. Qxe4 fxe4 23. Nd4 b5 24. a3 a5 25. Rhf1 Rc7 26. g4 g6 27. h5 Kg7 28.
hxg6 hxg6 29. f5 exf5 30. e6 Bc8 31. gxf5 gxf5 32. Nxf5+ Kg8 33. Rg1+ Kh8 34.
e7 Re8 35. Rh1+ Kg8 36. Rdg1+ Kf7 37. Nd6+ Kxe7 38. Nxe8 Kxe8 39. Rh8+ Kd7 40.
Rg7+ Kc6 41. Rh6+ Kb7 42. Rg5 Rd7 43. Kc2 Kc7 44. Rgg6 Bb7 45. Rb6 b4 46. axb4
axb4 47. Rxb4 Bc6 48. Kd2 Rg7 49. Rh2 Kd6 50. Rb6 Kc5 51. Ra6 Kb5 52. Ra1 Rg3
53. Re1 Kc4 54. Re3 Rxe3 55. Kxe3 Ba4 56. Rd2 Bb3 57. Rd4+ Kc5 58. Rd2 Kc4 59.
Rh2 Kc5 60. Rh8 Kc4 61. Rc8+ Kb5 62. Kd4 Bc4 63. Rb8+ (63. Rxc4 dxc4 64. Kxe4
Kc5 (64... Ka4 65. Kd4 Kb3 66. Kd5 $18) 65. Ke5 Kc6 66. Kd4 Kb5 67. Kd5 $18)
63... Kc6 64. b4 Kc7 65. Rh8 Kc6 66. Rh6+ Kb5 67. Rh4 Ba2 68. Rh2 Bb3 69. Rh1
Ba2 70. Ra1 Bc4 71. Ra5+ Kb6 72. Ra8 Kb7 73. Re8 Kc6 74. Rxe4 Kb5 75. Re8 Ka4
1-0

[Event "Aces-Excaliburs"]
[Site "?"]
[Date "2002.05.18"]
[Round "2.1"]
[White "Benesa, Arnulfo"]
[Black "Inumerable, Florin"]
[Result "1-0"]
[WhiteElo "2224"]
[BlackElo "2289"]
[PlyCount "47"]
[EventDate "2002.??.??"]

1. Nf3 Nf6 2. g3 g6 3. Bg2 Bg7 4. O-O c5 5. c4 O-O 6. d4 cxd4 7. Nxd4 Nc6 8.
Nc3 Qb6 9. Nc2 d6 10. b3 a6 11. Na4 Qc7 12. Nc3 e6 13. Bb2 b6 14. Rc1 Bb7 15.
e4 Rfd8 16. Ne3 Ne5 17. Ba3 h5 18. h3 g5 19. f4 gxf4 20. gxf4 Ng6 21. Qe1 b5
22. Qg3 Qb6 23. f5 exf5 24. exf5 {and the #1-notorious time-trouble champs
stopped recording moves. Black flagged around move 43.} 1-0

[Event "Excaliburs-Aces"]
[Site "?"]
[Date "2002.05.18"]
[Round "2.2"]
[White "Friske, Tom"]
[Black "Gazmen, Burt"]
[Result "1-0"]
[WhiteElo "2029"]
[BlackElo "2054"]
[PlyCount "113"]
[EventDate "2002.??.??"]

1. d4 g6 2. c4 Bg7 3. Nc3 c5 4. e3 Nf6 5. Nf3 O-O 6. Be2 b6 7. O-O Bb7 8. Qc2
d6 9. a3 Nc6 10. d5 Nb8 11. e4 Nbd7 12. Bf4 Nh5 13. Bg5 h6 14. Be3 Nhf6 15.
Rad1 Qb8 16. Ne1 a6 17. f4 Kh8 18. Kh1 Ra7 19. Bf3 Ba8 20. a4 Ng8 21. g4 Rb7
22. Nd3 b5 23. axb5 axb5 24. Nxb5 Rxb5 25. cxb5 Qxb5 26. Bd2 Bb7 27. Bc3 f6 28.
Ra1 Nb6 29. Ra5 Qd7 30. Qb3 Nc8 31. f5 g5 32. Rfa1 c4 33. Qxc4 Nb6 34. Qb3 Qc7
35. Rb5 Bxd5 36. exd5 Nd7 37. Rb7 Qc8 38. Qb5 Ne5 39. Nxe5 fxe5 40. Qc6 Qd8 41.
Rba7 Qe8 42. Qxe8 Rxe8 43. Ra8 Rxa8 44. Rxa8 Kh7 45. Rxg8 Kxg8 46. b4 Kf8 47.
Kg1 Ke8 48. Kf2 Kd8 49. Ke3 Kc7 50. Kd3 Bf6 51. Be4 Kb6 52. Kc4 Bg7 53. Bd2 Bf6
54. Kb3 Bg7 55. Be3+ Kb7 56. Ka4 Bf6 57. Ka5 1-0

[Event "Aces-Excaliburs"]
[Site "?"]
[Date "2002.05.18"]
[Round "2.3"]
[White "Santiago, Teddy"]
[Black "Sollano, Ely"]
[Result "1-0"]
[WhiteElo "2033"]
[BlackElo "1983"]
[PlyCount "137"]
[EventDate "2002.??.??"]

1. d4 Nf6 2. Nf3 d6 3. Nc3 Bg4 4. e4 c6 5. Be2 Nbd7 6. Be3 e5 7. O-O Be7 8. Qd2
O-O 9. Rad1 Re8 10. h3 Bxf3 11. Bxf3 Qc8 12. Ne2 Bf8 13. Ng3 Nb6 14. b3 Qc7 15.
c4 c5 16. d5 a5 17. a4 Nc8 18. Bg5 Nd7 19. Bg4 Ne7 20. f4 h6 21. Bxh6 gxh6 22.
Bxd7 Qxd7 23. Nh5 Bg7 24. f5 f6 25. Rf3 Kf7 26. Rg3 Rg8 27. Qe2 Bh8 28. Rdd3
Rxg3 29. Rxg3 Rg8 30. Kh2 Rxg3 31. Nxg3 Kf8 32. Qd2 Bg7 33. Qxa5 Kf7 34. Qa8
Qc7 35. a5 Nc8 36. Ne2 h5 37. Nc3 Ne7 38. Nb5 Qd7 39. Qb8 Nxf5 40. exf5 Bf8 41.
g4 hxg4 42. hxg4 Kg8 43. Qc7 Qe7 44. Kg2 Qxc7 45. Nxc7 Kf7 46. Ne6 Be7 47. Kf3
Kg8 48. Ke4 Kf7 49. Kd3 Ke8 50. Kc3 Kd7 51. b4 cxb4+ 52. Kxb4 Kc8 53. Kb5 Bd8
54. c5 dxc5 55. Nxc5 Be7 56. Ne4 Bd8 57. a6 bxa6+ 58. Kxa6 { } 58... Kd7 (58...
Kc7 59. Kb5 (59. d6+ Kc6) 59... Be7 60. Kc4 { } 60... Kd7 (60... Kb6 61. d6 Bd8
62. Kd5)) 59. Kb5 Be7 60. d6 Bxd6 61. Nxf6+ Ke7 62. Ne4 Ba3 63. Kc6 Bc1 64. Kd5
Bf4 65. g5 Bxg5 66. Nxg5 Kf6 67. Ke4 Kxg5 68. Kxe5 Kh6 69. Kf6 1-0